| 000 | 00923nam a22003377a 4500 | ||
|---|---|---|---|
| 001 | 0071273 | ||
| 003 | KOHA_MİRAKIL | ||
| 005 | 20260207005002.0 | ||
| 007 | ta | ||
| 008 | 240731b2011 tu |||gr||||#0|||e|tur | | ||
| 020 | _a9786054565177 | ||
| 040 |
_aTR-BiSEU _btur _cTR-BiSEU _erda |
||
| 041 | 0 | _atur | |
| 044 | _ctu | ||
| 050 |
_aPL243.C47 _bA85 2011 |
||
| 100 | 1 | _aÇeri, Murat. | |
| 245 | 1 |
_aAşktandır/ _cMurat Çeri ; Murat Çeri. |
|
| 264 | 1 |
_aİstanbul : _bEşik _c2011 |
|
| 300 | _a119 sayfa; 20cm. | ||
| 336 |
_ametin _btxt _2rdacontent |
||
| 337 |
_aaracısız _bn _2rdamedia |
||
| 338 |
_acilt _bnc _2rdacarrier |
||
| 490 | 1 |
_aEşik ; _v35. |
|
| 490 | 1 |
_aDeneme Serisi ; _v3 |
|
| 650 | 0 |
_aTürk edebiyatı--Deneme. _913341 |
|
| 650 | 0 |
_aTurkish literature--Essay. _942578 |
|
| 830 | 1 |
_aEşik ; _v35. _938848 |
|
| 830 | 1 |
_aDeneme Serisi ; _v3 _9140159 |
|
| 907 | _aDeneme | ||
| 942 |
_2lcc _cBK |
||
| 999 |
_c72028 _d72028 |
||